Practical general practice : (Record no. 99073)
[ view plain ]
| 000 -LEADER | |
|---|---|
| fixed length control field | 01282nam a22003257a 4500 |
| 003 - CONTROL NUMBER IDENTIFIER | |
| control field | URS |
| 005 - DATE AND TIME OF LATEST TRANSACTION | |
| control field | 20260406172522.0 |
| 008 - FIXED-LENGTH DATA ELEMENTS--GENERAL INFORMATION | |
| fixed length control field | 260316b |||||||| |||| 00| 0 eng d |
| 020 ## - INTERNATIONAL STANDARD BOOK NUMBER | |
| International Standard Book Number | 978-0-44312-359-7 |
| 040 ## - CATALOGING SOURCE | |
| Language of cataloging | English |
| Transcribing agency | URS |
| Description conventions | rda |
| 050 00 - LIBRARY OF CONGRESS CALL NUMBER | |
| Classification number | R729.5.G4 |
| Item number | P8811 2025 |
| 245 00 - TITLE STATEMENT | |
| Title | Practical general practice : |
| Remainder of title | guidelines for effective clinical management / |
| Statement of responsibility, etc | edited by Adam Staten MA, MBBS, MRCGP, MRCP (UK), DRCOG, DMCC, PGCertCE, Kate Robinson MBChB (Hons), BMedSci, DRCOG, MRCGP, PGCert, Med Ed (Distinction). |
| 250 ## - EDITION STATEMENT | |
| Edition statement | Eight edition. |
| 264 #1 - PUBLICATION, DISTRIBUTION, ETC. (IMPRINT) | |
| Place of publication, distribution, etc | Edinburgh : |
| Name of publisher, distributor, etc | Elsevier, |
| Date of publication, distribution, etc | ©2025. |
| 300 ## - PHYSICAL DESCRIPTION | |
| Extent | xii, 532 pages : |
| Other physical details | illustrations (some color) ; |
| Dimensions | 28 cm. |
| 336 ## - CONTENT TYPE | |
| Content type term | text |
| Source | rdacontent |
| 337 ## - MEDIA TYPE | |
| Media type term | unmediated |
| Source | rdamedia |
| 338 ## - CARRIER TYPE | |
| Carrier type term | volume |
| Source | rdacarrier |
| 500 ## - GENERAL NOTE | |
| General note | Previous edition: Edinburgh : Churchill Livingstone Elsevier, 2011. |
| 504 ## - BIBLIOGRAPHY, ETC. NOTE | |
| Bibliography, etc | Includes bibliographical references and index. |
| 650 #0 - SUBJECT ADDED ENTRY--TOPICAL TERM | |
| Topical term or geographic name as entry element | Family medicine. |
| 650 #0 - SUBJECT ADDED ENTRY--TOPICAL TERM | |
| Topical term or geographic name as entry element | Physicians (General practice) |
| 650 12 - SUBJECT ADDED ENTRY--TOPICAL TERM | |
| Topical term or geographic name as entry element | General Practice. |
| 650 #7 - SUBJECT ADDED ENTRY--TOPICAL TERM | |
| Topical term or geographic name as entry element | Family medicine. |
| Source of heading or term | fast |
| Authority record control number | (OCoLC)fst00920401 |
| 650 #7 - SUBJECT ADDED ENTRY--TOPICAL TERM | |
| Topical term or geographic name as entry element | Physicians (General practice) |
| Source of heading or term | fast |
| Authority record control number | (OCoLC)fst01062938 |
| 655 #2 - INDEX TERM--GENRE/FORM | |
| Genre/form data or focus term | Handbook. |
| 700 1# - ADDED ENTRY--PERSONAL NAME | |
| Personal name | Staten, Adam, |
| Relator term | editor. |
| 700 1# - ADDED ENTRY--PERSONAL NAME | |
| Personal name | Robinson, Kate, |
| Relator term | editor. |
| 942 ## - ADDED ENTRY ELEMENTS (KOHA) | |
| Source of classification or shelving scheme | Library of Congress Classification |
| Koha item type | Reserved Books |
| Withdrawn status | Lost status | Source of classification or shelving scheme | Damaged status | Not for loan | Collection code | Home library | Current library | Shelving location | Date acquired | Source of acquisition | Cost, normal purchase price | Total Checkouts | Full call number | Barcode | Date last seen | Copy number | Cost, replacement price | Price effective from | Koha item type |
|---|---|---|---|---|---|---|---|---|---|---|---|---|---|---|---|---|---|---|---|
| Library of Congress Classification | Non-fiction | Taytay College Library | Taytay College Library | Medicine Collection | 03/16/2026 | Purchased | 6659.00 | R729.5.G4 P8811 2025 | URSTAY-5968 | 03/16/2026 | 1 | 6659.00 | 03/16/2026 | Reserved Books |